000 01240cam a2200217 4500
001 ABS63336
008 000000n2000 000 0 eng u
035 _a(Sirsi) u110144
100 _aSector, G
245 _aPlanning without the ark
260 _c2000
490 _aEstates Gazette
_v(0049) 9 December 2000, 114-115(2)
520 _aLooks at the questions raised by recent flooding over land use planning and the resulting examination of planning law. Provides an overview of the situation in England and Wales, the geography, demographics and meteorological reasons as to why Britain has suffered two major flood events within two years and how government housebuilding figures conflict with the risk of building in areas of high flood risk. Highlights PPG25 on development and flood risk as providing sensible measures and concludes that flood risk should not used as discouragement for development and that all involved should co-operate fully on consideration of site suitability and flood-defence requirements.
590 _aABS
650 _aFLOODING
650 _aPPG25
650 _aFLOOD DEFENCES
650 _aPLANNING POLICY
690 _aENVIRONMENTAL AND LAND CONSULTANCY-PLANNING AND DEVELOPMENT
942 _n0
999 _c65681
_d65681